Biología basada en competencias

Gorde:
Xehetasun bibliografikoak
Egile nagusia: Zarraga Gallardo, Alejandro (Egilea)
Formatua: Liburua
Hizkuntza:gaztelania
Argitaratua: Ciudad de México Exodo 2010
Edizioa:1a. ed
Gaiak:
Etiketak: Etiketa erantsi
Etiketarik gabe, Izan zaitez lehena erregistro honi etiketa jartzen!

MARC

LEADER 00000nam a2200000 a 4500
001 UCG6498
003 CL-VaPUC
008 110428e20100000MX |||||||||||||||||spa|d
082 0 4 |a 570  |b ZAR  |2 21 
100 0 |a Zarraga Gallardo, Alejandro  |e author  |9 556716 
245 1 0 |a Biología basada en competencias 
250 |a 1a. ed 
300 |a 260 p 
942 |c BK 
945 |d 20110428 00:00:00  |a jcampos 
260 |a Ciudad de México  |b Exodo  |c 2010 
650 0 |a Biología  |9 262022 
650 0 |a Ciencias naturales  |9 260542 
650 0 |a Seres vivos  |9 357459 
650 0 |a Células madre  |9 556717 
650 7 |a ENFERMEDADES TRANSMISIBLES  |2 CL-VaPUC  |9 271158 
650 0 |a Medio ambiente  |9 257625 
583 |a last modification  |c 20110428 00:00:00  |k Rodrigo Vera 
999 |c 344707  |d 344705 
952 |0 0  |1 0  |4 0  |6 570_000000000000000_ZAR_2010  |7 0  |8 A  |9 442844  |a BIBCUR  |b BIBCUR  |d 2019-11-22  |i 4768736  |l 1  |m 1  |o 570 ZAR 2010  |p 4768736  |r 2025-04-22  |s 2022-10-03  |w 2019-11-22  |y BK  |k MDC